|
|
|
|
| LEADER |
01282nam a2200253 i 4500 |
| 003 |
GR-PaULI |
| 005 |
20211027094947.0 |
| 008 |
140113s2018 gr b 000 0 eng d |
| 952 |
|
|
|0 0
|1 0
|2 ddc
|4 0
|6 192_000000000000000_ΠΕΡ
|7 0
|9 239767
|a LISP
|b LISP
|c BSC
|d 2020-03-03
|i 061539
|l 0
|o 192 ΠΕΡ
|p 025000269076
|r 2020-03-03 00:00:00
|t 1
|v 2020.00
|w 2020-03-03
|y BK15
|
| 952 |
|
|
|0 0
|1 0
|2 ddc
|4 0
|6 WITT_190_090000000000000_34_ΠΕΡ
|7 0
|9 242112
|a PHIL
|b PHIL
|d 2020-07-22
|i 12574
|l 0
|o WITT 190.090 34 ΠΕΡ
|p 025000242455
|r 2020-07-22 00:00:00
|t 2
|v 2020.00
|w 2020-07-22
|y BK15
|
| 999 |
|
|
|c 144788
|d 144788
|
| 020 |
|
|
|a 9789608034693
|
| 040 |
|
|
|a GR-PaULI
|b gre
|c GR-PaULI
|e AACR2
|
| 082 |
0 |
0 |
|a 192
|2 23
|
| 082 |
0 |
0 |
|a 190.090 32
|2 23
|
| 100 |
1 |
|
|9 179689
|a Περάκης, Εμμανουήλ.
|e συγγραφέας
|
| 245 |
1 |
2 |
|a Η μεταφυσική του πρώιμου Wittgenstein /
|c Emmanuel Perakis.
|
| 260 |
|
|
|a Αθήνα :
|b Νεκτάριος Παναγόπουλος,
|c 2018.
|
| 300 |
|
|
|a 281 σ. ;
|c 24 εκ.
|
| 504 |
|
|
|a Περιλαμβάνει βιβλιογραφία.
|
| 600 |
1 |
0 |
|a Wittgenstein, Ludwig
|d 1889-1951
|x Ερμηνεία και κριτική
|9 174668
|
| 650 |
|
4 |
|9 2994
|a Φιλοσοφία
|y 17ος αιώνας
|z Ολλανδία
|
| 942 |
|
|
|2 ddc
|c BK15
|
| 998 |
|
|
|c ΜΠΟΥΡΑΣ
|d 2020-03
|